Information Technology For Business (Record no. 229147)

MARC details
000 -LEADER
fixed length control field 00842nam a22002777a 4500
005 - DATE AND TIME OF LATEST TRANSACTION
control field 20231107163055.0
008 - FIXED-LENGTH DATA ELEMENTS--GENERAL INFORMATION
fixed length control field 231107b ||||| |||| 00| 0 eng d
020 ## - INTERNATIONAL STANDARD BOOK NUMBER
International Standard Book Number 9789355407344
040 ## - CATALOGING SOURCE
Transcribing agency AL
041 ## - LANGUAGE CODE
Language code of text/sound track or separate title English
082 ## - DEWEY DECIMAL CLASSIFICATION NUMBER
Edition number 23
Classification number 658.5
Item number BHAI
100 ## - MAIN ENTRY--PERSONAL NAME
Personal name Bhavya Bhanu and others
100 ## - MAIN ENTRY--PERSONAL NAME
9 (RLIN) 141124
245 ## - TITLE STATEMENT
Title Information Technology For Business
260 ## - PUBLICATION, DISTRIBUTION, ETC.
Place of publication, distribution, etc. Ludhiana
Name of publisher, distributor, etc. Kalyani Publishers
Date of publication, distribution, etc. 2023
300 ## - PHYSICAL DESCRIPTION
Extent 377 p.
Other physical details PB
Dimensions 24x18.5 cm.
365 ## - TRADE PRICE
Price type code 5946
Price amount ₹280.00
Currency code
Unit of pricing ₹350.00
Price note 20%
Price effective from 03-11-2023
650 ## - SUBJECT ADDED ENTRY--TOPICAL TERM
Topical term or geographic name entry element NEP
9 (RLIN) 141072
650 ## - SUBJECT ADDED ENTRY--TOPICAL TERM
Topical term or geographic name entry element BBA
9 (RLIN) 141073
650 ## - SUBJECT ADDED ENTRY--TOPICAL TERM
Topical term or geographic name entry element MBA And Various Diploma Courses in Management
9 (RLIN) 141074
700 ## - ADDED ENTRY--PERSONAL NAME
Personal name BHANU (Bhavya)
9 (RLIN) 141075
700 ## - ADDED ENTRY--PERSONAL NAME
Personal name PATROT (Anita)
9 (RLIN) 141076
700 ## - ADDED ENTRY--PERSONAL NAME
Personal name SHARADHA (N)
9 (RLIN) 141077
700 ## - ADDED ENTRY--PERSONAL NAME
Personal name GEETHA (S R)
9 (RLIN) 141078
700 ## - ADDED ENTRY--PERSONAL NAME
Personal name POOJETHA (B V)
9 (RLIN) 141079
942 ## - ADDED ENTRY ELEMENTS (KOHA)
Source of classification or shelving scheme Dewey Decimal Classification
Koha item type Book
Holdings
Withdrawn status Lost status Source of classification or shelving scheme Damaged status Not for loan Collection code Home library Current library Date acquired Source of acquisition Cost, normal purchase price Total Checkouts Full call number Barcode Date last seen Cost, replacement price Price effective from Koha item type
    Dewey Decimal Classification     Political Science St Aloysius Library St Aloysius Library 11/07/2023 Biblios Book Point Surathkal Mangalore 575014 280.00   658.5 BHAI 076882 11/07/2023 350.00 11/07/2023 Book